01215 a2200217 4500003000500000005001700005010001300022040000900035082001700044100002400061245008900085250001100174260003400185300002400219505053400243600002400777650004000801942001200841999001900853952012500872Nust20230404115914.0 a59013935 cNust a629.8323,LAU aLauer, Henri944479 aServomechanism fundamentals /cHenri Lauer, Robert N. Lesnick [and] Leslie E. Matson a2nd ed aNew York,bMcGraw-Hill,c1960 a491 pbillusc24 cm aElementary Forms Of Control Sys (Page-1), Servo Sys Follow-Up-Links (Page-23), Fundamentals Of Mechanics And Electricity (Page-45), Servomechanisms With Viscous (Page-78), Servomechanisms With Error Rate Damping (Page-139), Servomechanisms With Combined Viscous (Page-160), Error Rate Stabilization Networks (Page-173), Servomechanisms With Integral Control (Page-200), Transfer Function Analysis (Page-239), Servomechanisms Performance As Show (Page-297), Non Linear Servo Sys (Page-349), Servo Design Considerations (Page-431). aLauer, Henri944479 aServomechanism fundamentals9111720 2ddccBK c183979d183979 00102ddc4070aMCSbMCScGENd2016-12-12o629.8323,LAUpMCS6321r2016-12-08w2016-12-12yBKzAlmirah No.74, Shelf No.7